Statistiche per COME SI CHIAMANO GLI ABITANTI DI NAZIONE AL MONDO

Clicka qui per fare il quiz!

Statistiche generali

  • Questo quiz è stato fatto 36 volte
  • Il punteggio medio è 82 su 194

Statistiche sulle risposte

NAZIONEMONETA% Corretto
ALBANIAALBANESE
100%
AUSTRALIAAUSTRALIANO
90%
AUSTRIAAUSTRIACO
90%
ALGERIAALGERINO
86%
ARGENTINAARGENTINO
86%
BOSNIA ED ERZEGOVINABOSNIACO
86%
BULGARIABULGARO
86%
CINACINESE
86%
CROAZIACROATO
86%
BRASILEBRASILIANO
83%
CANADACANADESE
83%
COLOMBIACOLOMBIANO
83%
DANIMARCADANESE
83%
ESTONIAESTONE
83%
FRANCIAFRANCESE
83%
ITALIAITALIANO
83%
GERMANIATEDESCO
83%
ARMENIAARMENO
79%
BELGIOBELGA
79%
EGITTOEGIZIANO
79%
GRECIAGRECO
79%
INDIAINDIANO
79%
LETTONIALETTONE
79%
BIELORUSSIABIELORUSSO
76%
BOLIVIABOLIVIANO
76%
CUBACUBANO
76%
FILIPPINEFILIPPINO
76%
FINLANDIAFINLANDESE
76%
GIAPPONEGIAPPONESE
76%
RUSSIARUSSO
76%
CAMBOGIACAMBOGIANO
72%
REP. CECACECO
72%
CILECILENO
72%
INGHILTERRAINGLESE
72%
IRLANDAIRLANDESE
72%
ROMANIARUMENO
72%
SPAGNASPAGNOLO
72%
REP. DOMINICANADOMINICANO
69%
ISLANDAISLANDESE
69%
LIBANOLIBANESE
69%
MACEDONIAMACEDONE
69%
MAROCCOMAROCCHINO
69%
MESSICOMESSICANO
69%
OLANDAOLANDESE
69%
PORTOGALLOPORTOGHESE
69%
GIORDANIAGIORDANO
66%
IRANIRANIANO
66%
ISRAELEISRAELIANO
66%
MALTAMALTESE
66%
COREA DEL NORDNORDCOREANO
66%
COREA DEL SUDSUDCOREANO
66%
SVIZZERASVIZZERO
66%
GALLESGALLESE
62%
GIAMAICAGIAMAICANO
62%
INDONESIAINDONESIANO
62%
LITUANIALITUANO
62%
MONGOLIAMONGOLO
62%
SCOZIASCOZZESE
62%
SLOVENIASLOVENO
62%
SVEZIASVEDESE
62%
ETIOPIAETIOPE
59%
GHANAGHANESE
59%
MOLDAVIAMOLDAVO
59%
PERUPERUVIANO
59%
SERBIASERBO
59%
SIRIASIRIANO
59%
SLOVACCHIASLOVACCO
59%
UCRAINAUCRAINO
59%
UNGHERIAUNGHERESE
59%
GEORGIAGEORGIANO
55%
NIGERIANIGERIANO
55%
PAKISTANPAKISTANO
55%
POLONIAPOLACCO
55%
SUDAFRICASUDAFRICANO
55%
THAILANDIATHAILANDESE
55%
ANGOLAANGOLANO
52%
BIRMANIA/MYANMAR | MYANMARBIRMANO
52%
CIPROCIPRIOTA
52%
KAZAKISTANKAZAKO
52%
LUSSEMBURGOLUSSEMBURGHESE
52%
MONTENEGROMONTENEGRINO
52%
NEPALNEPALESE
52%
NORVEGESENORVEGIA
52%
HAITIHAITIANO
48%
IRAQIRACHENO
48%
KOSOVOKOSOVARO
48%
MALESIAMALESE
48%
NUOVA ZELANDANEOZELANDESE
48%
USASTATUNITENSE
48%
TURCHIATURCO
48%
AZERBAIJANAZERO
45%
IRLANDA DEL NORDNORDIRLANDESE
45%
SAN MARINOSAN MARINESE
45%
ARABIA SAUDITASAUDITA
45%
SOMALIASOMALO
45%
SUDANSUDANESE
45%
VIETNAMVIETNAMITA
45%
ECUADORECUADOREGNO
41%
KENYAKENYOTA
41%
LIBIALIBICO
41%
SENEGALSENEGALESE
41%
CITTA DEL VATICANOVATICANO
41%
VENEZUELAVENEZUELANO
41%
ANDORRAANDORRANO
38%
REP.DEL CONGOCONGOLESE
38%
COSTA RICACOSTARICANO
38%
GAMBIAGAMBIANO
38%
PANAMAPANAMENSE
38%
SAMOASAMOANO
38%
UGANDAUGANDESE
38%
UZBEKISTANUZBEKO
38%
ERITREAERITREO
34%
GUINEAGUINEANO
34%
HONDURASHONDUREGNO
34%
MALIMALIANO
34%
QATARQATARIOTA
34%
RUANDARUANDESE
34%
GABONGABONESE
31%
GUATEMALAGUATEMALTECO
31%
COSTA D'AVORIOIVORIANO
31%
MALDIVEMALDIVIANO
31%
PARAGUAYPARAGUAIANO
31%
BAHAMASBAHAMENSE
28%
BANGLADESHBENGALESE
28%
BENINBENINESE
28%
FIGIFIGIANO
28%
YEMENYEMENITA
28%
BURUNDIBURUNDESE
24%
REP. CENTRAFRICANACENTRAFRICANO
24%
GRENADAGRENADINO
24%
KIRGHIZISTANKIRGHIZO
24%
MALAWIMALAWIANO
24%
NIGERNIGERINO
24%
EL SALVADORSALVADOREGNO
24%
SINGAPORESINGAPORIANO
24%
AFGHANISTANAFHANO
21%
BUTHANBUTHANESE
21%
CAPO VERDECAPOVERDIANO
21%
CIADCIADINO
21%
COMORECOMORIANO
21%
MADAGASCARMALGASCIO
21%
NAMIBIANAMIBIANO
21%
TAGIKISTANTAGIKO
21%
TAIWANTAIWANESE
21%
SRI LANKACINGALESE
17%
LAOSLAOTIANO
17%
MONACOMONEGASCO
17%
NAURUNAURUANO
17%
SURINAMESURINAMESE
17%
BOTSWANABOTSWANO
14%
MOZAMBICOMOZAMBICANO
14%
PALAUPALAUANO
14%
TANZANIATANZANIANO
14%
BARBADOSBARBADIANO
10%
REP. D. DEL CONGOCONGHESE
10%
DOMINICADOMINICENSE
10%
KUWAITKUWAITIANO
10%
MAURITANIAMAURITANO
10%
MAURITIUSMAURIZIANO
10%
NICARAGUANICARAGUENSE
10%
TUNISIATUNISIA
10%
ISOLE MARSHALLMARSHALLESE
7%
OMANOMANITA
7%
TOGOTOGOLESE
7%
BAHRAINBAHRAYNO
3%
BELIZEBELIZEANO
3%
KIRIBATIGILBERTESE
3%
GUINEA BISSAUGUINEENSE
3%
LIECHTENSTEINLIECHTENSTEINESE
3%
SAINT KITTS E NEVISNEVISIANO
3%
SANTA LUCIASANTA LUCIANO
3%
SEYCHELLESSEYCHELLESI
3%
SUD SUDANSUDSUDANESI
3%
SWAZILANDSWAZILANDESE
3%
TONGATONGANI
3%
TUVALUTUVALUANI
3%
URUGUAYURUGUAGIO
3%
ZAMBIAZAMBIANI
3%
ZIMBABWEZIMBABWESI
3%
ANTIGUA E BARBUDAANTIGUO BARBUDANI
0%
BRUNEIBRUNEIANI
0%
BURKINA FASOBURKINABE
0%
EAUEMIRATINO
0%
GUINEA EQUATORIALEEQUATOGUINEANO
0%
TIMOR ESTEST TIMORESI
0%
VANUATUNIVANUATU
0%
PAPUA NUOVA GUINEAPAPUANI
0%
ISOLE SALOMONESALOMONESI
0%
SAINT VINCENT E GRENADINESANVINCENTINI
0%
SAO TOME E PRINCIPESAOTOMENSI
0%
SIERRA LEONESIERRALEONESE
0%
TRINIDAD E TOBAGOTRINIDADIANI
0%
TURKMENISTANTURKMEKO
0%

Distribuzione punteggi

Percentile per numero di risposta

Percentuale di utenti per punteggio

I tuoi punteggi nel tempo

Non hai fatto questo quiz